000 00563nam a2200169 i 4500
001 25920
003 ES-MaACL
007 t|
008 030103s1881 sp ||||1| spa d
100 1 _aArnau y Lambea, Victor.
_9198805
245 1 0 _aDe la instrucción superior
_b: discurso leído en la Universidad Central en la inauguración del curso 1881-82 /
_cVíctor Arnau y Lambea.
260 _aMadrid :
_b[s.n.,
_c1881]
710 2 _aUniversidad Central (Madrid)
_97084
852 _aES-MaACL
_jT-659-F-5
852 _aES-MaACL
_jT-353-F-14
999 _c25920
_d25920